|
|
|
|
| LEADER |
00000nab a2200000 a 4500 |
| 001 |
vtls000748960 |
| 003 |
SK-MaSNL |
| 005 |
20260304131200.0 |
| 008 |
250429c1999 xo 0 slo |
| 015 |
|
|
|a SNBRB2001/04-10488
|
| 035 |
|
|
|a CLN000100776
|
| 035 |
|
|
|a urn:nbn:sk:snk-abl97
|
| 035 |
|
|
|a (urnnbn)urn:nbn:sk:snk:ar-a04vb6
|
| 035 |
|
|
|a (uuid)2f8710d9-a525-477b-94e0-e290d91e3558
|
| 040 |
|
|
|a SNKBUCL
|b slo
|c SNKBUCL
|e AACR2
|
| 041 |
0 |
|
|a slo
|
| 044 |
|
|
|a xo
|c SK
|
| 080 |
|
|
|a 616.13-004.6:615.22
|2 1997
|
| 080 |
|
|
|a 615.22
|2 1997
|
| 100 |
1 |
|
|a Gavorník, Peter,
|d 1948-
|4 aut
|9 201242
|
| 245 |
1 |
0 |
|a Základné možnosti prevencie a liečby aterosklerózy a instabilnej aterosklerotickej lézie
|c Peter Gavorník
|
| 300 |
|
|
|b Tab.
|
| 504 |
|
|
|a Res. angl., slov.
|
| 504 |
|
|
|a Bibliogr. odkazy
|
| 650 |
0 |
7 |
|a ateroskleróza
|2 snkbucl
|9 2428
|
| 650 |
0 |
7 |
|a trombolytiká
|2 snkbucl
|9 890414
|
| 650 |
0 |
7 |
|a fibrinolytiká
|2 snkbucl
|9 1243649
|
| 650 |
0 |
7 |
|a antikoagulanciá
|2 snkbucl
|9 13579
|
| 650 |
0 |
7 |
|a antitrombín III
|2 snkbucl
|9 20239
|
| 650 |
0 |
7 |
|a kombinovaná farmakoterapia
|2 snkbucl
|9 28987
|
| 650 |
0 |
7 |
|a trombolytická terapia
|2 snkbucl
|9 205011
|
| 650 |
0 |
7 |
|a prevencia primárna
|2 snkbucl
|9 842114
|
| 655 |
|
7 |
|a články z novín a časopisov
|2 snkbucl
|9 267496
|
| 773 |
0 |
|
|t Medicina militaris slovaca
|g Roč. 1, č. 1 (1999), s. 14-20
|x 1335-5139
|
| 850 |
|
|
|a Slovenská národná knižnica
|
| 852 |
|
|
|a Slovenská národná knižnica
|
| 954 |
|
|
|a odborná, vedecká literatúra pôvodná (slovenská)
|2 lita
|
| 958 |
|
|
|a article27
|
| 958 |
|
|
|a NB
|
| 958 |
|
|
|a MI
|
| 958 |
|
|
|a OND
|
| 958 |
|
|
|a EUIPO
|
| 999 |
|
|
|c 2896301
|d 2898231
|